Bandas de Rock en Español #3 - Estadísticas

Estadísticas generales
  • Esta prueba ha sido intentada 35 veces
  • La puntuación promedio es 6 de 24
Estadísticas de respuestas
País Canciones Banda % Correcto
Argentina/España "Sin documentos", "Mi Enfermedad", "Para no olvidar" Los Rodríguez
63%
España "Como Camarón", "Tu Calorro", "Vino Tinto" Estopa
50%
Argentina "Matador", "Manuel Santillán, el León", "Mal Bicho" Los Fabulosos Cadillacs
50%
Argentina "Waitin'", "Pupilas Lejanas", "Runaway" Los Pericos
40%
México "Chilanga banda", "Eres", "La ingrata" Café Tacvba
37%
Colombia "Bolero Falaz", "Florecita Rockera", "Rompecabezas" Aterciopelados
33%
Argentina "1, 2, Ultraviolento", "Nada Ni Nadie Nos Puede Doblegar", "Sentimiento Fatal" Los Violadores
33%
Argentina "Bajan", "Como el Viento Voy a Ver", "Cementerio Club" Pescado Rabioso
33%
Argentina "Canción para Mi Muerte", "Quizás, Porque", "Rasguña las Piedras" Sui Generis
33%
España "Yo No Me Llamo Javier", "Pilar", "Mi Agüita Amarilla" Los Toreros Muertos
30%
España "Bailando", "La rebelión de los electrodomésticos", "Horror en el Hipermercado" Alaska y los Pegamoides
27%
Uruguay "Para No Verme Más", "El Viejo", "Zafar" La Vela Puerca
23%
España "Sin aliento", "Sabor de amor", "Agua sin sueño" Danza Invisible
20%
España "Ellos Dicen Mierda", "Txus", "No Somos Nada" La Polla Records
20%
Argentina "La Rubia Tarada", "No Tan Distintos", "Mejor No Hablar de Ciertas Cosas" Sumo
20%
Argentina "Esta Saliendo El Sol", "Nunca Quise", "Se Fue Al Cielo" Intoxicados
17%
Argentina "Campanas en la Noche", "Se te nota", "Silencio" Los Tipitos
17%
Francia "Mala Vida", "Señor Matanza", "La Ventura" Mano Negra
17%
México "Sentimettal", "Mil Demonios", "Ya Lo Veía Venir" Moderatto
17%
México "Dime Ven", "Donde Te Perdí", "Y Te Vas" Motel
13%
Chile "El Crack", "Esto Si Es Punk", "Leo Catan" Los Miserables
10%
Venezuela "Rubia Sol Morena Luna", "Veronica", "Sanitarios" Caramelos de Cianuro
7%
Perú "Lo Peor de Todo", "La Universidad (cosa de locos)", "Contéstame" Rio
7%
Uruguay "Solari", "Mi Revolución", "Glu Glu" Cuatro Pesos de Propina
3%
No se encontraron pruebas coincidentes
Distribución de puntuación
Porcentaje de gente con cada puntuación
Porcentaje por número respondido
Historial de tus puntuaciones
No has intentado esta prueba.